| 000 | 01971nam a22002297a 4500 | ||
|---|---|---|---|
| 003 | BJBSDDR | ||
| 005 | 20260514133140.0 | ||
| 007 | ta | ||
| 008 | 260514s2003 nyu||||| |||| 00| 0 eng d | ||
| 020 | _a9780375758959 | ||
| 020 | _a037575895X | ||
| 040 |
_bspa _cBJBSDDR |
||
| 041 | _aeng | ||
| 050 | _bEv93 2003 | ||
| 100 | 1 |
_aEveritt, Anthony _948452 |
|
| 245 | 1 | 0 |
_aCicero : _bthe life and times of Rome's greatest politician / _cAnthony Everitt |
| 260 |
_aNew York : _bRandom House Trade Paperbacks, _c2003 |
||
| 300 |
_axv, 364 páginas : _billustrations ; _c21 cm |
||
| 520 | _aJohn Adams said of Cicero, "All ages of the world have not produced a greater statesman and philosopher combined." Voltaire said of Cicero, "He taught us how to think." And yet Anthony Everitt’s authoritative yet accessible work is the first one-volume biography of the Roman statesman in over 25 years. He squared off against Caesar and was friends with young Brutus. He advised the legendary Pompey on his somewhat botched transition from military hero to politician. He lambasted Mark Antony and was master of the smear campaign, as feared for his wit as he was for exposing his opponents’ sexual peccadilloes. Brilliant, voluble, cranky, a genius of political manipulation but also a true patriot and idealist, Cicero was Rome’s most feared politician, one of the greatest lawyers and statesmen of all times. Machiavelli, Queen Elizabeth, John Adams and Winston Churchill all studied his example. No man has loomed larger in the political history of mankind. In this dynamic and engaging biography, Anthony Everitt plunges us into the fascinating, scandal-ridden world of ancient Rome in its most glorious heyday. Accessible to us through his legendary speeches but also through an unrivaled collection of unguarded letters to his close friend Atticus, Cicero comes to life here as a witty and cunning political operator. | ||
| 942 |
_2lcc _n0 _cBK |
||
| 946 | _icmc | ||
| 999 |
_c127097 _d127097 |
||